Kariera trenerska Macieja Skorży. - Statystyki

Ogólne statystyki
  • Ten quiz został rozwiązany 55 razy
    28 od ostatniego zresetowania
  • Średni wynik to 5 z 8
Statystyki odpowiedzi
Lata Drużyna % Poprawnych
2014-2015 Lech Poznań
96%
2021-teraz Lech Poznań
96%
2010-2012 Legia Warszawa
79%
2007-2010 Wisła Kraków
75%
2004-2005 Amica Wronki
42%
2017-2017 Pogoń Szczecin
38%
2006-2007 Dyskobolia Grodzisk Wielkopolski
21%
2012-2013 Al-Ettifaq
4%
Nie znaleziono quizów pasujących do podanych kryteriów
Rozkład punktacji
Procent ludzi z każdym wynikiem
Percentyl według liczby udzielonych odpowiedzi
Twoja historia wyników
Nie rozwiązałeś tego quizu od ostatniego zresetowania